=LDR 00000nam 2200000 4500 =001 NUTBA000000000002812 =005 20140630154232.0 =006 =007 =008 =020 ##$$a 9679-22-0652-3 =035 ##$$0010-061400000000755 =082 ##$$a 630.26 =090 ##$$a 630.26$bMen m =245 ##$$aMenjinakkan liberalisasi =260 ##$$aYogyakarta$bPustaka pelajar$c2005 =300 ##$$a xxxix,338 hlm$c21 cm =650 ##$$a Pertanian dan kehutanan$xManajemen =850 ##$$a NBPNMAT =990 ##$$a 0001/BPAP-NTB/20142015